|
|
|
|
| LEADER |
00000cam a2200000 a 4500 |
| 001 |
vtls008342848 |
| 003 |
SK-MaSNL |
| 005 |
20260425234125.0 |
| 008 |
240314t1971 xo f c 000 0 slo |
| 015 |
|
|
|a SNBA1972/09-02177
|
| 035 |
|
|
|a SK01SNK19720035065
|
| 035 |
|
|
|a SKM000037528
|
| 040 |
|
|
|a SNK
|b slo
|c SNK
|e AACR2
|
| 041 |
0 |
|
|a slo
|
| 043 |
|
|
|a e-xo---
|
| 044 |
|
|
|a xo
|c SK
|
| 072 |
|
7 |
|a 35
|x Verejná správa
|2 konspekt
|
| 080 |
|
|
|a 35
|2 2011
|
| 080 |
|
|
|a (437.611)
|2 2011
|
| 080 |
|
|
|a (083.82)
|2 2011
|
| 100 |
1 |
|
|a Ripková, Gabriela,
|d 1938-
|4 aut
|9 119382
|
| 245 |
1 |
0 |
|a Župný úrad v Bratislave
|b prezidiálne spisy 1923-1928 : katalóg
|n II.
|c G. Ripková a E. Cigániková
|
| 260 |
|
|
|a Bratislava
|b Slovenská archívna správa
|c 1971
|
| 300 |
|
|
|a S. 405-956
|c 29 cm
|
| 366 |
|
|
|e 220 výt. Nepredajné
|
| 490 |
0 |
|
|a Inventáre a katalógy fondov štátnych archívov na Slovensku
|v zv. 27/2
|
| 500 |
|
|
|a Brožovaná
|
| 610 |
2 |
|
|a Župný úrad (Bratislava, Slovensko)
|x dejiny
|2 SNKPH
|9 509000
|
| 648 |
|
7 |
|a 1923-1928
|2 SNKPH
|9 509001
|
| 650 |
0 |
7 |
|a verejná správa
|2 SNKPH
|9 1538
|
| 650 |
0 |
7 |
|a župné úrady
|2 SNKPH
|9 509002
|
| 650 |
0 |
7 |
|a Public administration
|2 SNKPHeng
|9 266247
|
| 651 |
|
7 |
|a Bratislava (Slovensko)
|2 SNKPHgeo
|9 14568
|
| 651 |
|
7 |
|a Bratislava (Slovakia)
|2 SNKPHeng
|9 171234
|
| 655 |
|
7 |
|a katalógy
|2 SNKPH
|9 60821
|
| 655 |
|
7 |
|a Catalogs
|2 SNKPHeng
|9 266059
|
| 700 |
1 |
|
|a Cigániková, E.
|4 aut
|9 509003
|
| 830 |
|
0 |
|a Inventáre a katalógy fondov štátnych archívov na Slovensku
|9 307603
|
| 852 |
|
|
|a Štátna vedecká knižnica v Banskej Bystrici
|
| 958 |
|
|
|a OND
|
| 958 |
|
|
|a TL
|
| 958 |
|
|
|a RK
|
| 999 |
|
|
|c 785183
|d 787113
|
| 952 |
|
|
|a SNK
|b SNK
|y VYP
|7 0
|p 17A0500161
|o snkSB 18656/2 D1
|i snkKSP 7115/72
|0 0
|1 0
|4 0
|d 2006-03-09
|l 0
|r 2026-02-24 01:17:46
|w 2026-02-24
|
| 952 |
|
|
|a SNK
|b SNK
|y PREZ
|7 0
|p 17A0889527
|o snkSB 18656/2
|i snkKSP 7114/72
|0 0
|1 0
|4 0
|d 2012-07-24
|f 1
|l 0
|r 2025-03-21 00:00:00
|w 2026-02-24
|